| 000 | 00329nam a22001337a 4500 | ||
|---|---|---|---|
| 008 | 180926b xxu||||| |||| 00| 0 eng d | ||
| 020 | _a081512650 | ||
| 041 | _aeng | ||
| 080 |
_299 ED _a616.073 |
||
| 100 | _a6 | ||
| 101 | _aRAD | ||
| 245 |
_aRdiographic Position And Radiolology Procedures _cBallinger,P.W |
||
| 942 |
_2udc _cBK |
||
| 999 |
_c48505 _d48505 |
||